[Event "DVM U16 2015"]
[Site "Lingen (Ems) GER"]
[Date "2015.12.29"]
[Round "5"]
[White "Faßhauer, Jacob"]
[Black "Shvartsman, Kristina"]
[Result "1/2-1/2"]
[Termination "normal"]
[Board "3.3"]
[WhiteElo "1719"]
[BlackElo "1417"]
[WhiteClock "00:27:09"]
[BlackClock "00:10:02"]
[WhiteTeam "SG Leipzig"]
[BlackTeam "SK Gräfelfing"]
[PlyCount "61"]
[WhiteFideId "12990167"]
[BlackFideId "12983438"]
[EventCountry "GER"]
[EventRounds "7"]
[EventType "team-swiss"]
[EventDate "2015.12.26"]

1. e4 {[%clk 1:30:58]} c5 {[%clk 1:30:55]} 2. Nc3 {[%clk 1:31:25]} d6 {[%clk
1:31:15]} 3. g3 {[%clk 1:31:52]} Nf6 {[%clk 1:31:03]} 4. Bg2 {[%clk 1:32:13]}
Nc6 {[%clk 1:30:45]} 5. d3 {[%clk 1:32:31]} a6 {[%clk 1:30:08]} 6. Nge2 {[%clk
1:32:52]} g6 {[%clk 1:29:57]} 7. O-O {[%clk 1:32:11]} Bg7 {[%clk 1:29:06]} 8.
h3 {[%clk 1:32:08]} Qc7 {[%clk 1:25:56]} 9. f4 {[%clk 1:30:10]} O-O {[%clk
1:23:33]} 10. g4 {[%clk 1:28:45]} e6 {[%clk 1:17:34]} 11. Ng3 {[%clk 1:23:45]}
b5 {[%clk 1:15:43]} 12. Nce2 {[%clk 1:21:43]} Bb7 {[%clk 1:12:05]} 13. f5
{[%clk 1:17:35]} exf5 {[%clk 1:08:03]} 14. gxf5 {[%clk 1:16:25]} Ne5 {[%clk
1:04:12]} 15. Bg5 {[%clk 1:14:45]} Ned7 {[%clk 0:56:01]} 16. Nf4 {[%clk
1:13:37]} d5 {[%clk 0:51:07]} 17. Nfe2 {[%clk 0:48:12]} dxe4 {[%clk 0:48:08]}
18. dxe4 {[%clk 0:47:58]} Rae8 {[%clk 0:38:29]} 19. Bf4 {[%clk 0:47:04]} Qb6
{[%clk 0:36:27]} 20. Bd6 {[%clk 0:40:43]} c4+ {[%clk 0:32:27]} 21. Kh2 {[%clk
0:40:54]} Nc5 {[%clk 0:32:04]} 22. Bxf8 {[%clk 0:39:38]} Bxf8 {[%clk 0:31:51]}
23. fxg6 {[%clk 0:39:09]} hxg6 {[%clk 0:30:39]} 24. Nc3 {[%clk 0:34:14]} Nfxe4
{[%clk 0:23:39]} 25. Ncxe4 {[%clk 0:32:32]} Nxe4 {[%clk 0:22:48]} 26. Nxe4
{[%clk 0:31:39]} Bxe4 {[%clk 0:14:13]} 27. Bxe4 {[%clk 0:30:54]} Rxe4 {[%clk
0:14:35]} 28. Qf3 {[%clk 0:30:43]} Qd6+ {[%clk 0:13:04]} 29. Kg2 {[%clk
0:29:46]} Qd2+ {[%clk 0:10:14]} 30. Rf2 {[%clk 0:29:54]} Qg5+ {[%clk 0:10:02]}
31. Qg3 {[%clk 0:27:09]} 1/2-1/2

[Event "DVM U16 2015"]
[Site "Lingen (Ems) GER"]
[Date "2015.12.29"]
[Round "5"]
[White "Yaroshenko, Yaroslav"]
[Black "Knüpfer, Tim"]
[Result "0-1"]
[Termination "normal"]
[Board "3.4"]
[WhiteElo "1702"]
[BlackElo "1592"]
[WhiteClock "00:13:49"]
[BlackClock "00:21:20"]
[WhiteTeam "SK Gräfelfing"]
[BlackTeam "SG Leipzig"]
[PlyCount "112"]
[WhiteFideId "16204905"]
[BlackFideId "16217489"]
[EventCountry "GER"]
[EventRounds "7"]
[EventType "team-swiss"]
[EventDate "2015.12.26"]

1. d4 {[%clk 1:30:58]} Nf6 {[%clk 1:30:55]} 2. c4 {[%clk 1:31:20]} c5 {[%clk
1:31:22]} 3. Nf3 {[%clk 1:29:29]} e6 {[%clk 1:30:21]} 4. Nc3 {[%clk 1:27:51]}
cxd4 {[%clk 1:27:52]} 5. Nxd4 {[%clk 1:27:14]} a6 {[%clk 1:24:19]} 6. e3 {[%clk
1:23:55]} Qc7 {[%clk 1:20:26]} 7. Bd3 {[%clk 1:22:01]} b6 {[%clk 1:18:21]} 8.
O-O {[%clk 1:18:08]} Bb7 {[%clk 1:17:14]} 9. Be2 {[%clk 1:07:05]} Be7 {[%clk
1:13:25]} 10. Bf3 {[%clk 1:04:57]} O-O {[%clk 1:13:13]} 11. Bxb7 {[%clk
1:04:56]} Qxb7 {[%clk 1:13:37]} 12. b3 {[%clk 0:58:31]} Nc6 {[%clk 1:07:34]}
13. Bb2 {[%clk 0:56:06]} Rfd8 {[%clk 1:02:01]} 14. Nxc6 {[%clk 0:45:19]} dxc6
{[%clk 0:56:27]} 15. Qe2 {[%clk 0:45:11]} Qc7 {[%clk 0:49:12]} 16. Rad1 {[%clk
0:42:58]} Rxd1 {[%clk 0:48:22]} 17. Rxd1 {[%clk 0:42:25]} Rd8 {[%clk 0:48:49]}
18. Rxd8+ {[%clk 0:41:33]} Qxd8 {[%clk 0:49:07]} 19. h3 {[%clk 0:41:53]} h6
{[%clk 0:48:02]} 20. Qc2 {[%clk 0:40:52]} c5 {[%clk 0:43:21]} 21. Ne2 {[%clk
0:38:28]} Nh7 {[%clk 0:33:20]} 22. e4 {[%clk 0:33:17]} Nf6 {[%clk 0:27:04]} 23.
f3 {[%clk 0:27:14]} Nd7 {[%clk 0:24:53]} 24. f4 {[%clk 0:25:53]} Bf8 {[%clk
0:17:33]} 25. g3 {[%clk 0:22:36]} Nb8 {[%clk 0:17:12]} 26. g4 {[%clk 0:17:38]}
Nc6 {[%clk 0:17:15]} 27. a3 {[%clk 0:16:33]} Qc7 {[%clk 0:13:39]} 28. e5 {[%clk
0:12:50]} Qd8 {[%clk 0:11:18]} 29. Kg2 {[%clk 0:10:50]} b5 {[%clk 0:08:10]} 30.
Kg3 {[%clk 0:08:38]} Qa5 {[%clk 0:05:17]} 31. Kf2 {[%clk 0:05:53]} b4 {[%clk
0:04:43]} 32. a4 {[%clk 0:05:42]} Qd8 {[%clk 0:04:54]} 33. Kg3 {[%clk 0:05:50]}
Be7 {[%clk 0:03:15]} 34. Kg2 {[%clk 0:00:41]} a5 {[%clk 0:02:46]} 35. Kg3 Bf8
{[%clk 0:02:18]} 36. f5 {[%clk 0:00:31]} exf5 {[%clk 0:01:45]} 37. gxf5 Qg5+
{[%clk 0:01:51]} 38. Kh2 {[%clk 0:00:41]} Qe3 {[%clk 0:01:56]} 39. Kg2 {[%clk
0:00:32]} Nxe5 {[%clk 0:00:46]} 40. Bxe5 {[%clk 0:00:32]} Qxe5 {[%clk 0:01:13]}
41. Ng3 {[%clk 0:30:00]} Bd6 {[%clk 0:28:51]} 42. Qd3 {[%clk 0:21:02]} Qxg3+
{[%clk 0:18:32]} 43. Qxg3 {[%clk 0:21:27]} Bxg3 {[%clk 0:18:56]} 44. Kxg3
{[%clk 0:21:55]} g6 {[%clk 0:19:19]} 45. f6 {[%clk 0:17:57]} h5 {[%clk
0:19:23]} 46. Kf4 {[%clk 0:16:56]} Kh7 {[%clk 0:19:31]} 47. Kg5 {[%clk
0:16:14]} Kg8 {[%clk 0:19:38]} 48. Kf4 {[%clk 0:15:24]} Kh8 {[%clk 0:19:49]}
49. Ke5 Kh7 {[%clk 0:19:37]} 50. Kd5 {[%clk 0:11:55]} g5 {[%clk 0:19:33]} 51.
Kxc5 {[%clk 0:11:47]} g4 {[%clk 0:19:51]} 52. hxg4 {[%clk 0:12:06]} h4 {[%clk
0:20:17]} 53. Kb6 {[%clk 0:12:27]} h3 {[%clk 0:20:35]} 54. c5 {[%clk 0:12:56]}
h2 {[%clk 0:20:51]} 55. c6 {[%clk 0:13:21]} h1=Q {[%clk 0:21:11]} 56. c7 {[%clk
0:13:49]} Qa8 {[%clk 0:21:20]} 0-1

[Event "DVM U16 2015"]
[Site "Lingen (Ems) GER"]
[Date "2015.12.29"]
[Round "5"]
[White "Ehmann, Thilo"]
[Black "Rieper, Julian"]
[Result "1-0"]
[Termination "normal"]
[Board "4.1"]
[WhiteElo "2211"]
[BlackElo "2008"]
[WhiteTeam "SF Sasbach"]
[BlackTeam "SK Doppelbauer Kiel"]
[PlyCount "67"]
[WhiteFideId "12940968"]
[BlackFideId "12936960"]
[EventCountry "GER"]
[EventRounds "7"]
[EventType "team-swiss"]
[EventDate "2015.12.26"]

1. e4 e5 2. Nf3 Nc6 3. d4 exd4 4. Bc4 Nf6 5. e5 d5 6. Bb5 Ne4 7. Nxd4 Bd7 8.
Bxc6 bxc6 9. O-O Bc5 10. f3 Ng5 11. f4 Ne4 12. Be3 Bb6 13. c3 O-O 14. Nd2 Nxd2
15. Qxd2 f6 16. Nf3 Bg4 17. Nd4 Bd7 18. Kh1 Kh8 19. Rae1 Re8 20. Bf2 Rb8 21.
Bh4 c5 22. Nf3 Bb5 23. exf6 gxf6 24. Rxe8+ Bxe8 25. f5 Kg7 26. Ne5 h5 27. Rf3
Qd6 28. Rg3+ Kh7 29. Ng6 Bf7 30. Qe2 Kh6 31. Re3 Rg8 32. Bg3 Qd8 33. Bf4+ Kg7
34. Qxh5 1-0

[Event "DVM U16 2015"]
[Site "Lingen (Ems) GER"]
[Date "2015.12.29"]
[Round "5"]
[White "Karlisch, Moritz"]
[Black "Riehle, Marco"]
[Result "0-1"]
[Termination "normal"]
[Board "4.2"]
[WhiteElo "1789"]
[BlackElo "2171"]
[WhiteTeam "SK Doppelbauer Kiel"]
[BlackTeam "SF Sasbach"]
[PlyCount "116"]
[WhiteFideId "12964859"]
[BlackFideId "12904392"]
[EventCountry "GER"]
[EventRounds "7"]
[EventType "team-swiss"]
[EventDate "2015.12.26"]

1. d4 d5 2. c4 e6 3. Nc3 c6 4. Nf3 dxc4 5. e3 b5 6. a4 Bb4 7. Bd2 a5 8. axb5
Bxc3 9. Bxc3 cxb5 10. b3 Bb7 11. bxc4 b4 12. Bb2 Nf6 13. Bd3 O-O 14. O-O Nbd7
15. Nd2 Qc7 16. Qc2 a4 17. e4 a3 18. Bc1 e5 19. d5 Nc5 20. Nb3 Nfd7 21. Be3
Rfb8 22. Rfb1 Bc8 23. Be2 Nxb3 24. Qxb3 Nc5 25. Bxc5 Qxc5 26. Bd1 h6 27. Qd3
Rb6 28. Ra2 Kf8 29. Bb3 Bd7 30. Re1 Ba4 31. Rc1 Bxb3 32. Qxb3 Kg8 33. g3 Raa6
34. Rb1 Kh7 35. Kg2 Qd4 36. f3 Ra5 37. Rd1 Qc3 38. Rd3 Qxb3 39. Rxb3 Kg8 40. c5
Rxc5 41. Raxa3 bxa3 42. Rxb6 Ra5 43. Rb8+ Kh7 44. Rb1 a2 45. Ra1 Kg6 46. g4 $11
Ra3 47. Kg3 Kf6 48. h4 g5 49. hxg5+ hxg5 50. Kf2 Ke7 51. Ke2 Kd6 52. Kf2 Kc5
53. Ke2 Ra8 54. Kd3 Kb4 55. Kc2 Ka3 56. Rd1 Rc8+ 57. Kd3 Kb2 58. Rd2+ Kb1 0-1

[Event "DVM U16 2015"]
[Site "Lingen (Ems) GER"]
[Date "2015.12.29"]
[Round "5"]
[White "Zimmer, Raphael"]
[Black "Behringer, Tom"]
[Result "1-0"]
[Termination "normal"]
[Board "4.3"]
[WhiteElo "2049"]
[BlackElo "1788"]
[WhiteTeam "SF Sasbach"]
[BlackTeam "SK Doppelbauer Kiel"]
[PlyCount "77"]
[WhiteFideId "12978841"]
[BlackFideId "16203496"]
[EventCountry "GER"]
[EventRounds "7"]
[EventType "team-swiss"]
[EventDate "2015.12.26"]

1. e4 e6 2. Nf3 d5 3. exd5 exd5 4. d4 Bd6 5. c4 c6 6. Bd3 Ne7 7. O-O O-O 8. Nc3
dxc4 9. Bxc4 Bf5 10. Bg5 Nd7 11. Re1 Nb6 12. Bb3 Kh8 13. Qe2 f6 14. Bh4 Ned5
15. Bg3 Bxg3 16. hxg3 Re8 17. Qd2 Qd7 18. a4 Nb4 19. a5 N6d5 20. Na4 Nd3 21.
Rxe8+ Rxe8 22. Bc2 N5b4 23. Bxd3 Nxd3 24. Ra3 Qd5 25. Rxd3 Bxd3 26. Qxd3 Qxa5
27. b3 Qd5 28. Qc3 b5 29. Nc5 Ra8 30. Na6 Qd6 31. g4 Re8 32. Nc5 Qf4 33. Nd3
Qd6 34. g5 fxg5 35. Nxg5 Qf6 36. Nf3 Rd8 37. Nde5 Rd6 38. Ng5 Kg8 39. Ne4 1-0

[Event "DVM U16 2015"]
[Site "Lingen (Ems) GER"]
[Date "2015.12.29"]
[Round "5"]
[White "Arndt, Magnus"]
[Black "Schneider, Edward"]
[Result "0-1"]
[Termination "normal"]
[Board "4.4"]
[WhiteElo "1732"]
[BlackElo "1617"]
[WhiteTeam "SK Doppelbauer Kiel"]
[BlackTeam "SF Sasbach"]
[PlyCount "36"]
[WhiteFideId "12998656"]
[BlackFideId "16200870"]
[EventCountry "GER"]
[EventRounds "7"]
[EventType "team-swiss"]
[EventDate "2015.12.26"]

1. e4 e5 2. Nf3 Nc6 3. Bb5 a6 4. Ba4 Nf6 5. O-O Be7 6. Re1 b5 7. Bb3 O-O 8. c3
d5 9. exd5 Nxd5 10. Nxe5 Nxe5 11. Rxe5 Nf6 12. d4 Bd6 13. Re1 Ng4 14. h3 Nxf2
15. Qf3 Qh4 16. Qxf2 Bh2+ 17. Kf1 Bg3 18. Qxf7+ Rxf7+ 0-1

[Event "DVM U16 2015"]
[Site "Lingen (Ems) GER"]
[Date "2015.12.29"]
[Round "5"]
[White "Chittka, Julius"]
[Black "Schnabel, Bennett"]
[Result "1/2-1/2"]
[Termination "normal"]
[Board "5.1"]
[WhiteElo "2021"]
[BlackElo "2072"]
[WhiteTeam "VfSuF 1975 Düsseldorf-Süd"]
[BlackTeam "SV Mattnetz Berlin"]
[PlyCount "71"]
[WhiteFideId "12954772"]
[BlackFideId "12943290"]
[EventCountry "GER"]
[EventRounds "7"]
[EventType "team-swiss"]
[EventDate "2015.12.26"]

1. d4 d5 2. c4 e6 3. Nc3 c6 4. e4 dxe4 5. Nxe4 Bb4+ 6. Bd2 Qxd4 7. Bxb4 Qxe4+
8. Ne2 Na6 9. Bf8 Ne7 10. Bxg7 Nb4 11. Qd6 Nd3+ 12. Kd2 Nf5 13. Qxd3 Qxd3+ 14.
Kxd3 Nxg7 15. Kc3 c5 16. g3 Bd7 17. Bg2 O-O-O 18. Rhd1 Kc7 19. Be4 Bc6 20. f3
Nh5 21. Bxc6 Kxc6 22. g4 Nf6 23. Nf4 Rxd1 24. Rxd1 Nd7 25. Nd3 a5 26. Kd2 f6
27. Ke3 h5 28. Rd2 hxg4 29. fxg4 Rh4 30. Kf3 f5 31. gxf5 exf5 32. b3 a4 33. Kg3
Rg4+ 34. Kf3 Rh4 35. Kg3 Rg4+ 36. Kf3 1/2-1/2

[Event "DVM U16 2015"]
[Site "Lingen (Ems) GER"]
[Date "2015.12.29"]
[Round "5"]
[White "Hesse, Henrik"]
[Black "Surguchov, Alexander"]
[Result "1-0"]
[Termination "normal"]
[Board "5.2"]
[WhiteElo "1916"]
[BlackElo "1798"]
[WhiteTeam "SV Mattnetz Berlin"]
[BlackTeam "VfSuF 1975 Düsseldorf-Süd"]
[PlyCount "61"]
[WhiteFideId "12952060"]
[BlackFideId "1272035"]
[EventCountry "GER"]
[EventRounds "7"]
[EventType "team-swiss"]
[EventDate "2015.12.26"]

1. c4 e6 2. Nc3 f5 3. d4 d5 4. Bf4 c6 5. e3 Nf6 6. Bd3 Bd6 7. Bg3 O-O 8. Nf3
Ne4 9. Qc2 Qc7 10. O-O-O Nd7 11. Rdf1 Bxg3 12. hxg3 Ndf6 13. Ne5 Qa5 14. Bxe4
Nxe4 15. Nxe4 dxe4 16. Kb1 Qc7 17. Qe2 g6 18. Rh6 Qg7 19. Rfh1 c5 20. Rxh7 Qxh7
21. Rxh7 Kxh7 22. dxc5 Rd8 23. Qe1 Bd7 24. Qh1+ Kg7 25. Qh4 Be8 26. Qe7+ Kh8
27. Kc2 Rac8 28. Qxe6 Kg7 29. g4 a6 30. gxf5 gxf5 31. Qxf5 1-0

[Event "DVM U16 2015"]
[Site "Lingen (Ems) GER"]
[Date "2015.12.29"]
[Round "5"]
[White "Gula, Julian"]
[Black "Klodt, Daniel"]
[Result "1/2-1/2"]
[Termination "normal"]
[Board "5.3"]
[WhiteElo "1776"]
[BlackElo "1751"]
[WhiteTeam "VfSuF 1975 Düsseldorf-Süd"]
[BlackTeam "SV Mattnetz Berlin"]
[PlyCount "76"]
[WhiteFideId "12954799"]
[BlackFideId "12938068"]
[EventCountry "GER"]
[EventRounds "7"]
[EventType "team-swiss"]
[EventDate "2015.12.26"]

1. d4 d5 2. c4 e6 3. Nc3 Nf6 4. cxd5 exd5 5. Bg5 Nbd7 6. e3 c6 7. Bd3 Be7 8.
Qc2 O-O 9. Nge2 Re8 10. O-O h6 11. Bh4 Ne4 12. Bxe7 Qxe7 13. Ng3 Nxg3 14. hxg3
Nf6 15. Rac1 Ne4 16. Bxe4 dxe4 17. d5 Bd7 18. Rfd1 Rac8 19. d6 Qe6 20. Rd4 f5
21. g4 g6 22. gxf5 gxf5 23. Ne2 Red8 24. Nf4 Qf7 25. Rcd1 Be8 26. Qc5 b6 27.
Qe5 Bd7 28. Qe7 Re8 29. Qh4 Kh7 30. Nh5 Re6 31. Nf4 Ree8 32. Qh2 Rg8 $11 33.
Nh5 Rg5 34. Nf4 Rcg8 35. g3 Qg7 36. Nh5 Qf7 37. Nf4 Qg7 38. Nh5 Qf7 1/2-1/2

[Event "DVM U16 2015"]
[Site "Lingen (Ems) GER"]
[Date "2015.12.29"]
[Round "5"]
[White "Petersen, Marcel"]
[Black "Schmitz, Fabian"]
[Result "1/2-1/2"]
[Termination "normal"]
[Board "5.4"]
[WhiteElo "1608"]
[BlackElo "1634"]
[WhiteTeam "SV Mattnetz Berlin"]
[BlackTeam "VfSuF 1975 Düsseldorf-Süd"]
[PlyCount "48"]
[WhiteFideId "12935670"]
[BlackFideId "12965006"]
[EventCountry "GER"]
[EventRounds "7"]
[EventType "team-swiss"]
[EventDate "2015.12.26"]

1. e4 e6 2. d4 d5 3. Nd2 dxe4 4. Nxe4 Nd7 5. Nf3 Ngf6 6. Bd3 c5 7. c3 Be7 8.
O-O O-O 9. Bf4 cxd4 10. cxd4 Nxe4 11. Bxe4 Nf6 12. Bd3 b6 13. Rc1 Bb7 14. Be5
Rc8 15. Rxc8 Qxc8 16. Qe2 h6 17. h3 a6 18. Qe3 Nd5 19. Qd2 Nb4 20. Rc1 Qa8 21.
a3 Bxf3 22. gxf3 Nxd3 23. Qxd3 Rc8 24. Rc3 Rxc3 1/2-1/2

[Event "DVM U16 2015"]
[Site "Lingen (Ems) GER"]
[Date "2015.12.29"]
[Round "5"]
[White "Knudsen, Simon"]
[Black "Grohmann, Alexander"]
[Result "1/2-1/2"]
[Termination "normal"]
[Board "6.1"]
[WhiteElo "1912"]
[BlackElo "1753"]
[WhiteTeam "SV Horst-Emscher 31"]
[BlackTeam "FVS ASP Hoyerswerda"]
[PlyCount "63"]
[WhiteFideId "12985546"]
[BlackFideId "12947679"]
[EventCountry "GER"]
[EventRounds "7"]
[EventType "team-swiss"]
[EventDate "2015.12.26"]

1. e4 c5 2. Nf3 e6 3. d4 cxd4 4. Nxd4 Nf6 5. Nc3 d6 6. g3 Nc6 7. Bg2 e5 8. Nb3
a6 9. Bg5 Be7 10. Bxf6 Bxf6 11. O-O O-O 12. Nd5 Be7 13. Qd3 Be6 14. Rfd1 Bxd5
15. Qxd5 Qc7 16. c3 Rad8 17. Nd2 Rfe8 18. Nf1 Na7 19. Ne3 Nc8 20. h4 Nb6 21.
Qb3 Qc6 22. Rd3 Na4 23. Qc2 Nb6 24. Rad1 g6 25. Qb3 Na4 26. R3d2 Nb6 27. Ra1
Rc8 28. Rad1 Rcd8 29. Nd5 Nxd5 30. Rxd5 Rc8 31. R1d3 Rc7 32. Bh3 1/2-1/2

[Event "DVM U16 2015"]
[Site "Lingen (Ems) GER"]
[Date "2015.12.29"]
[Round "5"]
[White "Rössel, Louis"]
[Black "Walker, Julia"]
[Result "1-0"]
[Termination "normal"]
[Board "6.2"]
[WhiteElo "1772"]
[BlackElo "1772"]
[WhiteTeam "FVS ASP Hoyerswerda"]
[BlackTeam "SV Horst-Emscher 31"]
[PlyCount "51"]
[WhiteFideId "12966398"]
[BlackFideId "1271852"]
[EventCountry "GER"]
[EventRounds "7"]
[EventType "team-swiss"]
[EventDate "2015.12.26"]

1. e4 e5 2. Nf3 Nc6 3. Bc4 Bc5 4. c3 Nf6 5. d3 d6 6. Bb3 a6 7. Nbd2 Ba7 8. Nf1
d5 9. exd5 Nxd5 10. Ng3 O-O 11. O-O h6 12. Re1 Re8 13. Qe2 Bg4 14. h3 Nf4 15.
Qe4 Bxf3 16. Qxf3 Qxd3 17. Be3 Na5 18. Rad1 Qg6 19. Bxf4 exf4 20. Qxf4 Nxb3 21.
axb3 Bb6 22. Nf5 Re6 23. Ne7+ Rxe7 24. Rxe7 Bc5 25. Rxc7 Bxf2+ 26. Qxf2 1-0

[Event "DVM U16 2015"]
[Site "Lingen (Ems) GER"]
[Date "2015.12.29"]
[Round "5"]
[White "Rebentisch, Tom"]
[Black "Laskow, Vincent"]
[Result "1/2-1/2"]
[Termination "normal"]
[Board "6.3"]
[WhiteElo "1838"]
[BlackElo "1733"]
[WhiteTeam "SV Horst-Emscher 31"]
[BlackTeam "FVS ASP Hoyerswerda"]
[PlyCount "44"]
[WhiteFideId "16202627"]
[BlackFideId "12947652"]
[EventCountry "GER"]
[EventRounds "7"]
[EventType "team-swiss"]
[EventDate "2015.12.26"]

1. e4 c5 2. Bc4 e6 3. Nf3 a6 4. O-O b5 5. Be2 Bb7 6. a4 Bxe4 7. Nc3 Bxf3 8.
Bxf3 Nc6 9. axb5 axb5 10. Rxa8 Qxa8 11. Nxb5 Qb7 12. Nc3 Nf6 13. d3 Be7 14. Ne4
O-O 15. b3 d5 16. Nxf6+ Bxf6 17. Bf4 Nd4 18. Re1 Ra8 19. Be3 Ra2 20. Bxd4 Bxd4
21. g3 Qb4 22. Qe2 g6 1/2-1/2

[Event "DVM U16 2015"]
[Site "Lingen (Ems) GER"]
[Date "2015.12.29"]
[Round "5"]
[White "Hassemeier, Mika"]
[Black "Karabügül, Okan"]
[Result "0-1"]
[Termination "normal"]
[Board "6.4"]
[WhiteElo "1773"]
[BlackElo "1821"]
[WhiteTeam "FVS ASP Hoyerswerda"]
[BlackTeam "SV Horst-Emscher 31"]
[PlyCount "80"]
[WhiteFideId "12994880"]
[BlackFideId "12981842"]
[EventCountry "GER"]
[EventRounds "7"]
[EventType "team-swiss"]
[EventDate "2015.12.26"]

1. d4 d5 2. c4 c6 3. Nc3 Nf6 4. Nf3 dxc4 5. a4 Bf5 6. Nh4 Bg4 7. h3 Bh5 8. Nf5
e6 9. Ng3 Bg6 10. e4 Bb4 11. e5 Nd5 12. Bd2 Bxc3 13. Bxc3 b5 14. axb5 cxb5 15.
Ba5 Qh4 16. b3 O-O 17. bxc4 bxc4 18. Bxc4 Ne3 19. fxe3 Qxg3+ 20. Kf1 Qxe3 21.
Qd2 Qxd2 22. Bxd2 Rd8 23. Be3 Nc6 24. Bf2 Be4 25. Re1 Bg6 26. Rd1 Nxe5 27. Be2
Nc6 28. Bf3 Rac8 29. Ke2 Nb4 30. Rhe1 Rc2+ 31. Rd2 Rdc8 32. Rxc2 Rxc2+ 33. Ke3
Rxf2 34. Rc1 Rc2 35. d5 Rxc1 36. d6 Rc3+ 37. Kf4 Rd3 38. d7 Kf8 39. Be4 Bxe4
40. Kxe4 Rxd7 0-1

[Event "DVM U16 2015"]
[Site "Lingen (Ems) GER"]
[Date "2015.12.29"]
[Round "5"]
[White "Oberhofer, Cédric"]
[Black "Philipp, Mathias"]
[Result "1/2-1/2"]
[Termination "normal"]
[Board "7.1"]
[WhiteElo "2150"]
[BlackElo "1779"]
[WhiteTeam "SC Bavaria Regensburg 1881"]
[BlackTeam "SSV Vimaria 91 Weimar"]
[PlyCount "65"]
[WhiteFideId "12941220"]
[BlackFideId "12958883"]
[EventCountry "GER"]
[EventRounds "7"]
[EventType "team-swiss"]
[EventDate "2015.12.26"]

1. e4 e5 2. Nf3 Nc6 3. Bb5 a6 4. Ba4 Nf6 5. O-O Nxe4 6. d4 exd4 7. Re1 d5 8.
Nxd4 Bd6 9. Nxc6 Bxh2+ 10. Kh1 Qh4 11. Rxe4+ dxe4 12. Qd8+ Qxd8 13. Nxd8+ Kxd8
14. Kxh2 Be6 15. Be3 Ke7 16. Bc5+ Kf6 17. Nc3 Kf5 18. Re1 b6 19. Be3 b5 20. Bb3
Bxb3 21. axb3 Rad8 22. g4+ Kxg4 23. Rg1+ Kf5 24. Rxg7 f6 25. Rxc7 Rc8 26. Rg7
Rhd8 27. Rb7 h5 28. b4 Rb8 29. Re7 Re8 30. Ra7 Ra8 31. Rb7 Rab8 32. Ra7 Ra8 33.
Rb7 1/2-1/2

[Event "DVM U16 2015"]
[Site "Lingen (Ems) GER"]
[Date "2015.12.29"]
[Round "5"]
[White "Latka, Richard"]
[Black "Dechant, Georg"]
[Result "1-0"]
[Termination "normal"]
[Board "7.2"]
[WhiteElo "1688"]
[BlackElo "1993"]
[WhiteTeam "SSV Vimaria 91 Weimar"]
[BlackTeam "SC Bavaria Regensburg 1881"]
[PlyCount "123"]
[WhiteFideId "24690082"]
[BlackFideId "12956716"]
[EventCountry "GER"]
[EventRounds "7"]
[EventType "team-swiss"]
[EventDate "2015.12.26"]

1. e4 c5 2. Nf3 Nc6 3. d4 cxd4 4. Nxd4 Qc7 5. Nc3 e6 6. Be3 Nf6 7. Be2 a6 8. a3
Be7 9. Qd2 O-O 10. f4 d6 11. O-O-O Rd8 12. g4 Nxd4 13. Qxd4 d5 14. e5 Nd7 15.
Bd2 b5 16. Na2 Bb7 17. Rhf1 Rac8 18. Qc3 Qb8 19. Qh3 Nc5 20. Bc3 Qc7 21. Kb1
Ne4 22. Bd3 d4 23. Bb4 Bxb4 24. axb4 Bd5 25. Rfe1 Qc6 26. Re2 g6 27. Rde1 f5
28. exf6 Nxf6 29. f5 exf5 30. gxf5 Bf7 31. fxg6 hxg6 32. Rg1 Nd5 33. Bxg6 Bxg6
34. Rxg6+ Qxg6 35. Rg2 Qxg2 36. Qxg2+ Kf7 37. Qf2+ Nf6 38. Nc1 Rd5 39. Nd3 Re8
40. Qg3 Re3 41. Qc7+ Re7 42. Qb6 Re6 43. Qb7+ Re7 44. Qxa6 Rf5 45. Qd6 Nd5 46.
Qh6 Rf1+ 47. Ka2 Ne3 48. Qh7+ Kf8 49. Qh8+ Kf7 50. Nc5 Nf5 51. Qh7+ Kf6 52.
Qh8+ Kf7 53. Qh3 Ree1 54. Qh7+ Kf6 55. Nd7+ Ke6 56. Nf8+ Kf6 57. Nd7+ Ke6 58.
Nc5+ Kf6 59. Qd7 Re2 60. Qxb5 Rff2 61. Qc6+ Ke5 62. Nd3# 1-0

[Event "DVM U16 2015"]
[Site "Lingen (Ems) GER"]
[Date "2015.12.29"]
[Round "5"]
[White "Sammet, Dominik"]
[Black "Klee, Otto"]
[Result "1-0"]
[Termination "normal"]
[Board "7.3"]
[WhiteElo "1685"]
[BlackElo "1515"]
[WhiteTeam "SC Bavaria Regensburg 1881"]
[BlackTeam "SSV Vimaria 91 Weimar"]
[PlyCount "31"]
[WhiteFideId "12987875"]
[BlackFideId "16217519"]
[EventCountry "GER"]
[EventRounds "7"]
[EventType "team-swiss"]
[EventDate "2015.12.26"]

1. e4 c5 2. Nf3 Nc6 3. d4 cxd4 4. Nxd4 Nf6 5. Nc3 e5 6. Ndb5 d6 7. Bg5 a6 8.
Na3 b5 9. Bxf6 gxf6 10. Nd5 f5 11. Bd3 fxe4 12. Bxe4 Bd7 13. Qf3 Nd4 14. Qf6
Qa5+ 15. b4 Qxa3 16. Nc7# 1-0

[Event "DVM U16 2015"]
[Site "Lingen (Ems) GER"]
[Date "2015.12.29"]
[Round "5"]
[White "Katzschmann, Christian"]
[Black "Oberhofer, Marie"]
[Result "1/2-1/2"]
[Termination "normal"]
[Board "7.4"]
[WhiteElo "1364"]
[BlackElo "1602"]
[WhiteTeam "SSV Vimaria 91 Weimar"]
[BlackTeam "SC Bavaria Regensburg 1881"]
[PlyCount "80"]
[WhiteFideId "12983667"]
[BlackFideId "12938165"]
[EventCountry "GER"]
[EventRounds "7"]
[EventType "team-swiss"]
[EventDate "2015.12.26"]

1. d4 Nf6 2. Nf3 g6 3. Nc3 d5 4. Bf4 a6 5. Qd2 Bg7 6. Bh6 O-O 7. Bxg7 Kxg7 8.
O-O-O Nc6 9. g3 b5 10. h4 h5 11. Bh3 Bxh3 12. Rxh3 Qd7 13. Rhh1 b4 14. Na4 Ne4
15. Nc5 Nxc5 16. dxc5 Rfd8 17. Nd4 Rab8 18. f3 e5 19. Nxc6 Qxc6 20. g4 Kh7 21.
gxh5 gxh5 22. Qg5 Qh6 23. Rhg1 f6 24. Qxh6+ Kxh6 25. Rg2 Kh7 26. Rdg1 Rg8 27.
Kd2 Rxg2 28. Rxg2 Rg8 29. Rxg8 Kxg8 30. e4 dxe4 31. fxe4 Kf7 32. c3 bxc3+ 33.
Kxc3 Ke6 34. Kd3 f5 35. b4 f4 36. a4 Kd7 37. b5 Kc8 38. Ke2 Kb7 39. Kd3 Ka7 40.
Ke2 Kb7 1/2-1/2

[Event "DVM U16 2015"]
[Site "Lingen (Ems) GER"]
[Date "2015.12.29"]
[Round "5"]
[White "Rätzke von Stoyentin, Steffen"]
[Black "Kasüschke, Lars"]
[Result "1-0"]
[Termination "normal"]
[Board "8.1"]
[WhiteElo "1984"]
[BlackElo "1892"]
[WhiteTeam "SC Aurich"]
[BlackTeam "SG Schwäbisch Gmünd 1872"]
[PlyCount "117"]
[WhiteFideId "12907502"]
[BlackFideId "12939510"]
[EventCountry "GER"]
[EventRounds "7"]
[EventType "team-swiss"]
[EventDate "2015.12.26"]

1. d4 d5 2. c4 e6 3. Nc3 c6 4. Nf3 dxc4 5. a4 Bb4 6. e3 b5 7. Bd2 a5 8. axb5
Bxc3 9. Bxc3 cxb5 10. b3 Bb7 11. bxc4 b4 12. Bb2 Nf6 13. Bd3 O-O 14. O-O Nbd7
15. Re1 Ne4 16. Qc2 Ndf6 17. Ne5 Nd6 18. c5 Nde8 19. Nc4 Bc6 20. Nb6 Ra7 21. e4
h6 22. Qd1 Nc7 23. Bc2 b3 24. Bxb3 Nxe4 25. f3 Nf6 26. Qd2 Nb5 27. Nc4 Qc7 28.
Rxa5 Rd8 29. Rxa7 Qxa7 30. Qf4 Nd5 31. Qg4 Nf6 32. Qh4 Qc7 33. Ne5 Bd5 34. Bc2
Qa5 35. Bd3 Nc7 36. Bc1 Qc3 37. Qf2 Ra8 38. Bd2 Qa3 39. Qh4 Qb2 40. Bxh6 Nce8
41. Qg3 Qxd4+ 42. Be3 Qc3 43. Rc1 Ra1 44. Rxa1 Qxa1+ 45. Kf2 Qb2+ 46. Be2 Nd7
47. Nxd7 Bc4 48. Qb8 Qxe2+ 49. Kg3 Qxe3 50. Qxe8+ Kh7 51. Nf8+ Kh6 52. Qxf7
Qg5+ 53. Kh3 Bd3 54. c6 Bf5+ 55. g4 Bxg4+ 56. fxg4 Qe3+ 57. Kg2 Qe2+ 58. Kg3
Qe1+ 59. Qf2 1-0